书目信息 |
| 书名: | 机械制造的精确度分析和质量检查 | |
| 作者: | 库达依著. | |
| 分册号: | ||
| 分册名: | 出版地: | 莫斯科 : |
|
| 出版社: | 国家科技机械制造出版社 | |
| 出版时间: | 1958. | |
| 页数: | 362 p. ; | |
| 开本: | 20cm. | |
| 丛书名: | ||
| 中图分类号: | ||
| 科图分类号: | ||
| 其他分类号: | O39:H35 | |
| 主题词: | ||
| 电子资源: | ||
| 000 | 00435nam 2200169 a 4500 | |
| 001 | E0760428297 | |
| 005 | 20070802165202.67 | |
| 008 | 070802s1958 00010 eng | |
| 020 | @cCNY1.55. | |
| 040 | @aPFT@bchi | |
| 041 | @achi@hrus | |
| 090 | @aO39:H35 | |
| 099 | @dO39:H35@ex1 | |
| 245 | 1 | @a机械制造的精确度分析和质量检查 / @c库达依著. |
| 260 | @a莫斯科 :@b国家科技机械制造出版社,@c1958. | |
| 300 | @a362 p. ;@c20cm. | |
| 650 | @a应用力学 | |
| 机械制造的精确度分析和质量检查 / / 库达依著.-莫斯科 : : 国家科技机械制造出版社, , 1958. |
| 362 p. ; ; 20cm. |
| ISBN CNY1.55. |
| ● |
| 相关链接 |
|
|
|
|
正题名:机械制造的精确度分析和质量检查
索取号:O39:H35/x1
 
预约/预借
| 序号 | 登录号 | 条形码 | 馆藏地/架位号 | 状态 | 备注 |
| 1 | 15053 | 300150538 | 第二样本阅览室/ [索取号:O39:H35/x1] | 在馆 |